00475 2200181 4500001002100000005001500021008004100036020001800077035001900095041000700114082001000121090001600131100001900147245005800166260003500224300001800259650001600277INLIS00000000000158520241224112358241224||||||||| | ||| |||| || |  a602-7649-38-0 0010-1224001585 aid0 a371.3 a371.3 JHO s0 ajho djamaludin00aSiap Tempur Habis-habisan Di Ujian Sekolah 2015 SD/Mi atangerangbsaelova mediac2014 a322hlm.;24 cm 0aIlmu Sosial